| 000 | 00615nam a2200193Ia 4500 | ||
|---|---|---|---|
| 003 | LDD | ||
| 008 | 181029s9999 xx 000 0 und d | ||
| 020 |
_a9780195678475 _c695.00 |
||
| 040 | _cLDD | ||
| 100 | _aDharwadkar, Aparna Bhargave | ||
| 245 | 0 |
_aTheatres of independance _bdrama theory and urban performance in India since 1947 _cAparna Bhargave Dharwadkar |
|
| 260 |
_aOxford _bOxford _c2006 |
||
| 300 | _axix, 478p. | ||
| 365 | _b695.00 | ||
| 901 |
_a3416 _b01-11-2006 |
||
| 902 |
_aUBS7096 _b01-11-2006 _cF _dUPPAL _e42 |
||
| 903 |
_aDiscount-10 _bReqst by : Bharadwaj, |
||
| 942 |
_2ddc _cBK |
||
| 999 |
_c76553 _d76553 |
||